Countries That Border a 100M country - Statistics

General Stats
  • This quiz has been taken 23 times
  • The average score is 62 of 83
Answer Stats
Hint Answer % Correct
China Afghanistan
100%
Pakistan Afghanistan
100%
China Bhutan
100%
India Bhutan
100%
China India
100%
Pakistan India
100%
Bangladesh India
100%
China Myanmar
100%
India Myanmar
100%
Bangladesh Myanmar
100%
China Nepal
100%
India Nepal
100%
China Kazakhstan
94%
Russia Kazakhstan
94%
China Laos
94%
Vietnam Laos
94%
China North Korea
94%
Russia North Korea
94%
China Pakistan
94%
India Pakistan
94%
India China
89%
Pakistan China
89%
Russia China
89%
Vietnam China
89%
China Kyrgyzstan
89%
China Mongolia
89%
Russia Mongolia
89%
China Vietnam
89%
Brazil Argentina
83%
Russia Azerbaijan
83%
United States Canada
83%
Indonesia Malaysia
83%
United States Mexico
83%
Brazil Peru
83%
China Tajikistan
83%
Brazil Uruguay
83%
India Bangladesh
78%
Brazil Colombia
78%
Russia Georgia
78%
Nigeria Niger
78%
Brazil Paraguay
78%
China Russia
78%
Brazil Bolivia
72%
Vietnam Cambodia
72%
Pakistan Iran
72%
Russia Ukraine
72%
Brazil Venezuela
72%
Mexico Belize
67%
Nigeria Cameroon
67%
Indonesia East Timor
67%
Russia Estonia
67%
Brazil France
67%
Mexico Guatemala
67%
Ethiopia Kenya
67%
Russia Latvia
67%
Russia Lithuania
67%
DR Congo Republic of the Congo
67%
Ethiopia Sudan
67%
Egypt Sudan
67%
Brazil Suriname
67%
Russia Belarus
61%
Ethiopia Djibouti
61%
Ethiopia Eritrea
61%
Brazil Guyana
61%
Egypt Libya
61%
Ethiopia Somalia
61%
Mexico United States
61%
Nigeria Benin
56%
DR Congo Central African Republic
56%
Russia Norway
56%
Indonesia Papua New Guinea
56%
Nigeria Chad
50%
Russia Finland
50%
Egypt Israel
50%
Russia Poland
50%
Ethiopia South Sudan
50%
DR Congo South Sudan
50%
DR Congo Uganda
50%
DR Congo Angola
44%
DR Congo Burundi
44%
DR Congo Rwanda
39%
DR Congo Zambia
39%
DR Congo Tanzania
28%
No matching quizzes found
Score Distribution
Percent of People with Each Score
Percentile by Number Answered
Your Score History
You have not taken this quiz